[Event "7. Open Stadium Casablanca"]
[Site "Zaragoza ESP"]
[Date "2013.12.26"]
[Round "1.2"]
[White "Zambrana Petisme, Ramiro"]
[Black "Cruz, Cristhian"]
[Result "0-1"]
[WhiteElo "1824"]
[BlackElo "2549"]
[PlyCount "64"]
[EventDate "2013.12.26"]
[EventType "swiss"]
[EventRounds "9"]
[EventCountry "ESP"]
[Source "lmi"]
[SourceDate "2013.12.26"]

1. e4 c5 2. Nf3 a6 3. c4 d6 4. Nc3 Nc6 5. d4 Bg4 6. d5 Nd4 7. Be2 Nxe2 8. Qxe2
g6 9. h3 Bxf3 10. Qxf3 Bg7 11. O-O Nf6 12. Bd2 O-O 13. Rad1 b5 14. b3 Nd7 15.
Qe2 Qb6 16. Kh1 Rfb8 17. f4 bxc4 18. Qxc4 Qb4 19. Qd3 c4 20. bxc4 Rc8 21. Ne2
Qxc4 22. Be3 Qxd3 23. Rxd3 Rc4 24. Bd4 Bxd4 25. Rxd4 Rc2 26. Ng3 Rb8 27. a4 Rb3
28. Kh2 Rbb2 29. Rg1 Rf2 30. Rd3 Rxf4 31. Rf1 Rxf1 32. Nxf1 Rb4 0-1

[Event "7. Open Stadium Casablanca"]
[Site "Zaragoza ESP"]
[Date "2013.12.26"]
[Round "1.3"]
[White "Strikovic, Aleksa"]
[Black "Ciriano Lamban, Alejandro"]
[Result "1-0"]
[WhiteElo "2529"]
[BlackElo "1813"]
[PlyCount "178"]
[EventDate "2013.12.26"]
[EventType "swiss"]
[EventRounds "9"]
[EventCountry "ESP"]
[Source "lmi"]
[SourceDate "2013.12.26"]

1. c4 e5 2. Nc3 Nc6 3. g3 g6 4. Bg2 Bg7 5. e3 d6 6. Nge2 f5 7. d3 Nf6 8. Rb1
O-O 9. b4 Ne7 10. b5 c6 11. bxc6 bxc6 12. Ba3 Be6 13. O-O Qc7 14. Qa4 Rab8 15.
Rb3 Rxb3 16. axb3 Rb8 17. Ra1 a5 18. b4 axb4 19. Bxb4 e4 20. Rd1 exd3 21. Rxd3
c5 22. Ba5 Qd7 23. Qxd7 Nxd7 24. Rxd6 Kf7 25. Bd5 Bxd5 26. cxd5 Ke8 27. Re6 Kf7
28. Ra6 Rb7 29. d6 Nc8 30. Rc6 Ncb6 31. Rc7 Rxc7 32. dxc7 Ke6 33. Nb5 Nc8 34.
Nf4+ Ke7 35. h4 Be5 36. Nd3 Bd6 37. Nb2 Ndb6 38. Kf1 Kd7 39. Bxb6 Nxb6 40. Nxd6
Kxd6 41. Na4 Nc8 42. Ke2 c4 43. Nb2 c3 44. Nc4+ Kxc7 45. Kd3 Kd7 46. Kxc3 Ke6
47. Kd4 Ne7 48. Ne5 Nc8 49. Nf3 h6 50. Kc5 Ne7 51. Nd4+ Kf6 52. f4 g5 53. h5
gxf4 54. gxf4 Nc8 55. Nb5 Ke6 56. Nc7+ Kd7 57. Nb5 Ke6 58. Nd4+ Kf6 59. Ne2 Ke6
60. Ng3 Nd6 61. Kd4 Nb5+ 62. Kd3 Nd6 63. Ke2 Nc4 64. e4 fxe4 65. Nxe4 Kf5 66.
Kf3 Nb6 67. Ng3+ Kf6 68. Kg4 Nd5 69. Nf5 Nc7 70. Nxh6 Ne6 71. Nf5 Nf8 72. Ng3
Nh7 73. Ne4+ Kg7 74. Kf5 Kh6 75. Nf6 Nf8 76. Ke5 Kg7 77. Ng4 Kf7 78. Kf5 Kg7
79. Ke5 Kf7 80. f5 Nh7 81. Kf4 Kg7 82. Ke5 Kf7 83. f6 Nxf6 84. Nxf6 Kg7 85. Ng4
Kh8 86. Kf6 Kh7 87. Kf7 Kh8 88. Kg6 Kg8 89. h6 Kh8 1-0

[Event "7. Open Stadium Casablanca"]
[Site "Zaragoza ESP"]
[Date "2013.12.26"]
[Round "1.4"]
[White "Gaston Cabello, Jorge"]
[Black "Forcen Esteban, Daniel"]
[Result "0-1"]
[WhiteElo "1807"]
[BlackElo "2511"]
[PlyCount "58"]
[EventDate "2013.12.26"]
[EventType "swiss"]
[EventRounds "9"]
[EventCountry "ESP"]
[Source "lmi"]
[SourceDate "2013.12.26"]

1. d4 Nf6 2. c4 e6 3. Nf3 c5 4. d5 exd5 5. cxd5 g6 6. Nc3 d6 7. e4 Bg7 8. Be2
O-O 9. O-O Re8 10. Qc2 Na6 11. Bxa6 bxa6 12. h3 Rb8 13. Bf4 Nh5 14. Bh2 Qf6 15.
Rfe1 Nf4 16. Bxf4 Qxf4 17. Re3 Bh6 18. Nd2 Qf6 19. Rf3 Qd4 20. Rd3 Qb4 21. Qb3
a5 22. Nc4 Ba6 23. Nxd6 Bxd3 24. Nxe8 Rxe8 25. d6 Bf8 26. Nd5 Qxb3 27. axb3 Kg7
28. e5 Rxe5 29. Nc7 Bxd6 0-1

[Event "7. Open Stadium Casablanca"]
[Site "Zaragoza ESP"]
[Date "2013.12.26"]
[Round "1.5"]
[White "Paunovic, Dragan"]
[Black "Teresa Moya, Alejandro"]
[Result "1-0"]
[WhiteElo "2500"]
[BlackElo "1798"]
[PlyCount "77"]
[EventDate "2013.12.26"]
[EventType "swiss"]
[EventRounds "9"]
[EventCountry "ESP"]
[Source "lmi"]
[SourceDate "2013.12.26"]

1. c4 e5 2. g3 Nf6 3. Bg2 d5 4. cxd5 Nxd5 5. Nf3 Nc6 6. O-O Bg4 7. h3 Be6 8.
Nc3 Nb6 9. a4 a5 10. d4 exd4 11. Nb5 Be7 12. Nfxd4 Nxd4 13. Qxd4 Qxd4 14. Nxd4
Bc8 15. Nb5 Bd8 16. Bf4 c6 17. Nd6+ Kf8 18. Rfd1 Bf6 19. Be3 Nd5 20. Bxd5 cxd5
21. Nxc8 Rxc8 22. Rxd5 Ke7 23. Rad1 Rhd8 24. Rxd8 Rxd8 25. Rxd8 Kxd8 26. b3 Kc7
27. Bd2 b6 28. e4 Kc6 29. Be3 Be7 30. f4 f6 31. Kf2 Bb4 32. Bd4 b5 33. Ke2 bxa4
34. bxa4 h6 35. g4 Bd6 36. f5 Bc7 37. Kd3 Bd6 38. Kc4 Bc7 39. Bc5 1-0

[Event "7. Open Stadium Casablanca"]
[Site "Zaragoza ESP"]
[Date "2013.12.26"]
[Round "1.6"]
[White "Represa Perez, Mireya"]
[Black "Del Rio De Angelis, Salvador G"]
[Result "0-1"]
[WhiteElo "1794"]
[BlackElo "2498"]
[PlyCount "126"]
[EventDate "2013.12.26"]
[EventType "swiss"]
[EventRounds "9"]
[EventCountry "ESP"]
[Source "lmi"]
[SourceDate "2013.12.26"]

1. e4 d6 2. Nc3 Nf6 3. Bc4 c6 4. Bb3 e5 5. Nf3 Be7 6. O-O O-O 7. h3 Nbd7 8. d3
Nc5 9. Be3 Nfd7 10. d4 Nxb3 11. axb3 Qc7 12. Qe2 a6 13. Rfd1 b5 14. d5 b4 15.
dxc6 bxc3 16. cxd7 Bxd7 17. bxc3 Qxc3 18. Qd3 Qxd3 19. Rxd3 Bc6 20. Nd2 f5 21.
exf5 d5 22. Nf1 d4 23. Bc1 Rxf5 24. Ng3 Rf7 25. Bb2 Bf6 26. Re1 Rc7 27. c3 e4
28. Nxe4 Bxe4 29. Rxe4 dxc3 30. Bc1 Rb8 31. Bf4 Rxb3 32. Bxc7 c2 33. Rc4 Rxd3
34. Rxc2 Rc3 35. Rxc3 Bxc3 36. Kf1 Kf7 37. Ke2 Ke6 38. Kd3 Be1 39. Bb6 a5 40.
Bd4 g6 41. Ke4 a4 42. Bc5 Bc3 43. Kd3 Kd5 44. Ba3 Be5 45. Bc1 Bd6 46. Kc3 a3
47. Kb3 Kd4 48. Be3+ Kd3 49. Ka2 Ke2 50. h4 h5 51. Bd4 Kf1 52. g3 Ke2 53. Bb6
Kf3 54. Bd4 Bb4 55. Kb3 Be1 56. Kxa3 Bxf2 57. Bf6 Bxg3 58. Kb3 Kg4 59. Kc3 Bxh4
60. Bd4 Kf3 61. Kd2 Bg3 62. Bf6 h4 63. Bd4 h3 0-1

[Event "7. Open Stadium Casablanca"]
[Site "Zaragoza ESP"]
[Date "2013.12.26"]
[Round "1.7"]
[White "Adla, Diego"]
[Black "Cirera Sancho, Alberto"]
[Result "1-0"]
[WhiteElo "2486"]
[BlackElo "1785"]
[PlyCount "49"]
[EventDate "2013.12.26"]
[EventType "swiss"]
[EventRounds "9"]
[EventCountry "ESP"]
[Source "lmi"]
[SourceDate "2013.12.26"]

1. c4 e5 2. g3 g6 3. d4 Nc6 4. Nf3 Bg7 5. dxe5 Nxe5 6. Nxe5 Bxe5 7. Bg2 d6 8.
O-O Ne7 9. Nc3 O-O 10. Bh6 Re8 11. e4 Nc6 12. Qd2 Be6 13. Nd5 Bxd5 14. cxd5 Nb8
15. Bg5 Qc8 16. Rac1 a5 17. b3 Qd7 18. Rfd1 Kf8 19. h4 a4 20. b4 c6 21. Kh2
cxd5 22. Qxd5 Nc6 23. Bh3 Qc7 24. b5 Qb6 25. Be3 1-0

[Event "7. Open Stadium Casablanca"]
[Site "Zaragoza ESP"]
[Date "2013.12.26"]
[Round "1.8"]
[White "Gaspar Calvo, Luis Alberto"]
[Black "Cruz, Jonathan"]
[Result "0-1"]
[WhiteElo "1784"]
[BlackElo "2468"]
[PlyCount "80"]
[EventDate "2013.12.26"]
[EventType "swiss"]
[EventRounds "9"]
[EventCountry "ESP"]
[Source "lmi"]
[SourceDate "2013.12.26"]

1. e4 e5 2. Nf3 Nc6 3. Bb5 a6 4. Bxc6 dxc6 5. O-O Bg4 6. h3 h5 7. d3 Qf6 8. Be3
Bxf3 9. Qxf3 Qxf3 10. gxf3 Bd6 11. d4 exd4 12. Bxd4 f6 13. Nd2 Ne7 14. Nc4 Bf4
15. Be3 Ng6 16. Rad1 a5 17. a4 b5 18. axb5 cxb5 19. Na3 c6 20. Rd3 Bxe3 21.
fxe3 Ne5 22. Rd4 Ke7 23. f4 Nd7 24. Rfd1 Nc5 25. Kg2 Rad8 26. Kf3 Ne6 27. Rxd8
Rxd8 28. Rxd8 Kxd8 29. h4 Nc5 30. e5 fxe5 31. fxe5 Ke7 32. Kf4 Ke6 33. c4 b4
34. Nc2 Nd3+ 35. Ke4 Nxe5 36. Nd4+ Kf6 37. c5 a4 38. Nc2 b3 39. Na3 Ke6 40. Kd4
Nf3+ 0-1

[Event "7. Open Stadium Casablanca"]
[Site "Zaragoza ESP"]
[Date "2013.12.26"]
[Round "1.10"]
[White "Lacruz Algarate, Alvaro"]
[Black "Garza Marco, Sergio"]
[Result "0-1"]
[WhiteElo "1773"]
[BlackElo "2447"]
[PlyCount "50"]
[EventDate "2013.12.26"]
[EventType "swiss"]
[EventRounds "9"]
[EventCountry "ESP"]
[Source "lmi"]
[SourceDate "2013.12.26"]

1. e4 d6 2. d4 Nf6 3. Nc3 g6 4. g3 Bg7 5. Bg2 O-O 6. Nge2 c6 7. O-O e5 8. d5 c5
9. Nb1 b5 10. b3 Nbd7 11. a4 b4 12. Nd2 Ba6 13. Re1 Ne8 14. c4 bxc3 15. Nxc3 f5
16. f3 Qa5 17. Qc2 Nb6 18. Ba3 Bh6 19. Rab1 Nd7 20. b4 cxb4 21. Bxb4 Qb6+ 22.
Kh1 Rc8 23. Qa2 Bd3 24. Rb2 Bxd2 25. Rxd2 Qxb4 0-1

[Event "7. Open Stadium Casablanca"]
[Site "Zaragoza ESP"]
[Date "2013.12.26"]
[Round "1.11"]
[White "Hoffman, Alejandro"]
[Black "Escofet Llongueras, Joan"]
[Result "1-0"]
[WhiteElo "2447"]
[BlackElo "1765"]
[PlyCount "57"]
[EventDate "2013.12.26"]
[EventType "swiss"]
[EventRounds "9"]
[EventCountry "ESP"]
[Source "lmi"]
[SourceDate "2013.12.26"]

1. d4 Nf6 2. c4 c5 3. d5 b5 4. cxb5 a6 5. b6 Qxb6 6. Nc3 g6 7. Nf3 d6 8. Nd2
Nbd7 9. e4 Bg7 10. Be2 O-O 11. Nc4 Qc7 12. Bf4 Nb6 13. Ne3 a5 14. h4 h5 15. Bg5
Ba6 16. Bxf6 Bxe2 17. Qxe2 Bxf6 18. g4 hxg4 19. h5 Qd7 20. Nxg4 Kg7 21. Nxf6
exf6 22. O-O-O Rh8 23. Rhg1 Rh6 24. hxg6 fxg6 25. f4 Na4 26. Qb5 Qxb5 27. Nxb5
Rb8 28. Nxd6 Rxb2 29. Nf5+ 1-0

[Event "7. Open Stadium Casablanca"]
[Site "Zaragoza ESP"]
[Date "2013.12.26"]
[Round "1.14"]
[White "Sanchez Valles, Jose Maria"]
[Black "Kanmazalp, Ogulcan"]
[Result "1/2-1/2"]
[WhiteElo "1740"]
[BlackElo "2414"]
[PlyCount "110"]
[EventDate "2013.12.26"]
[EventType "swiss"]
[EventRounds "9"]
[EventCountry "ESP"]
[Source "lmi"]
[SourceDate "2013.12.26"]

1. e4 c5 2. Nf3 e6 3. c4 Nc6 4. Be2 Nf6 5. Nc3 d5 6. exd5 exd5 7. d3 Be7 8. O-O
O-O 9. Bg5 d4 10. Bxf6 Bxf6 11. Nd5 Be6 12. Nxf6+ Qxf6 13. Qd2 h6 14. h3 Rfe8
15. Nh2 Qg6 16. Bg4 Nb4 17. Bxe6 Rxe6 18. Rfe1 Rae8 19. Rxe6 Rxe6 20. Rd1 Nxa2
21. Qa5 Nb4 22. Qxc5 Nxd3 23. Qxd4 Rd6 24. Qg4 Qf6 25. Qe2 Qd8 26. Qc2 b6 27.
Nf1 Rd4 28. Ne3 Nxb2 29. Rxd4 Qxd4 30. Qf5 g6 31. Qc8+ Kg7 32. Qa6 Nd3 33. Qxa7
Qb2 34. Nd5 Qxf2+ 35. Kh2 Qd4 36. Qxb6 Qxb6 37. Nxb6 Kf6 38. Kg3 Ke5 39. Kf3
Kd4 40. g4 Ne5+ 41. Kf4 Nd3+ 42. Kf3 Kc5 43. Ke3 Nb2 44. Nc8 Nxc4+ 45. Kf4 Kc6
46. Ne7+ Kd6 47. Ng8 Ke6 48. Nxh6 Nb6 49. g5 Nd5+ 50. Ke4 Nc3+ 51. Kf3 Nb5 52.
h4 Nd6 53. Kg4 Ne4 54. h5 f5+ 55. gxf6 Nxf6+ 1/2-1/2

[Event "7. Open Stadium Casablanca"]
[Site "Zaragoza ESP"]
[Date "2013.12.26"]
[Round "1.15"]
[White "Vassallo Barroche, Mauricio"]
[Black "Roldan Marques, Daniel"]
[Result "1-0"]
[WhiteElo "2407"]
[BlackElo "1733"]
[PlyCount "75"]
[EventDate "2013.12.26"]
[EventType "swiss"]
[EventRounds "9"]
[EventCountry "ESP"]
[Source "lmi"]
[SourceDate "2013.12.26"]

1. d4 d6 2. e4 g6 3. g3 Bg7 4. Bg2 Nf6 5. Ne2 O-O 6. O-O e5 7. h3 Nc6 8. Be3
Ne8 9. Nbc3 f5 10. dxe5 Bxe5 11. Nd4 f4 12. gxf4 Bxf4 13. Nxc6 bxc6 14. Bxf4
Rxf4 15. Ne2 Rf8 16. f4 Rb8 17. b3 Be6 18. Qd3 Qd7 19. Rae1 c5 20. c4 c6 21.
Rd1 Rd8 22. Rf2 Ng7 23. Kh2 Qb7 24. Ng3 Rd7 25. f5 Bf7 26. e5 gxf5 27. exd6 Qc8
28. Qe3 Be8 29. Qxc5 Rdf7 30. Bf3 Bd7 31. Rg1 Kh8 32. Qd4 Rf6 33. c5 Be6 34.
Rfg2 Qe8 35. Ne2 Rg6 36. Nf4 Rxg2+ 37. Rxg2 Rf7 38. Bh5 1-0

[Event "7. Open Stadium Casablanca"]
[Site "Zaragoza ESP"]
[Date "2013.12.27"]
[Round "2.1"]
[White "Suarez Gomez, Julio"]
[Black "Peralta, Fernando"]
[Result "0-1"]
[WhiteElo "2128"]
[BlackElo "2600"]
[PlyCount "78"]
[EventDate "2013.12.26"]
[EventType "swiss"]
[EventRounds "9"]
[EventCountry "ESP"]
[Source "lmi"]
[SourceDate "2013.12.26"]

1. e4 c6 2. d4 d5 3. Nc3 dxe4 4. Nxe4 Bf5 5. Ng3 Bg6 6. Nh3 e6 7. Nf4 Bd6 8. h4
Nf6 9. h5 Bf5 10. Nxf5 exf5 11. Bc4 O-O 12. O-O Nbd7 13. Qf3 Ne4 14. c3 Qf6 15.
g3 Rae8 16. Be3 Ng5 17. Qh1 Re7 18. Rae1 Rfe8 19. Kg2 Ne4 20. Qh3 b5 21. Bb3
Nb6 22. Bc1 Nc4 23. Nd3 a5 24. Bc2 b4 25. Bb3 Nb6 26. cxb4 axb4 27. Ne5 Bxe5
28. dxe5 Rxe5 29. Rd1 Nd5 30. Kg1 h6 31. Qg2 f4 32. Bxd5 f3 33. Qh3 Rxd5 34.
Rxd5 cxd5 35. Rd1 Qe6 36. Qf1 Qf5 37. Qb5 Qh3 38. Qf1 Qxh5 39. Bf4 Nxf2 0-1

[Event "7. Open Stadium Casablanca"]
[Site "Zaragoza ESP"]
[Date "2013.12.27"]
[Round "2.5"]
[White "Arregui Untoria, Carlos"]
[Black "Paunovic, Dragan"]
[Result "0-1"]
[WhiteElo "2081"]
[BlackElo "2500"]
[PlyCount "82"]
[EventDate "2013.12.26"]
[EventType "swiss"]
[EventRounds "9"]
[EventCountry "ESP"]
[Source "lmi"]
[SourceDate "2013.12.26"]

1. d4 d6 2. c4 e5 3. Nf3 Nd7 4. Nc3 Ngf6 5. g3 g6 6. Bg2 Bg7 7. O-O O-O 8. b3
Re8 9. e3 c6 10. d5 cxd5 11. cxd5 Nc5 12. b4 Na6 13. a3 Bf5 14. Bb2 Qd7 15. Rc1
Rec8 16. Qb3 Nc7 17. Nd2 h5 18. a4 h4 19. b5 Nce8 20. Ba3 Bh6 21. Ne2 Bh3 22.
f4 Bxg2 23. Kxg2 h3+ 24. Kg1 Rxc1 25. Nxc1 exf4 26. exf4 Qf5 27. Qf3 Rc8 28.
Rd1 Qxd5 29. Qxd5 Nxd5 30. Ne4 Ne3 31. Rd3 Nc4 32. Ne2 d5 33. Nf2 Nxa3 34. Rxa3
Bf8 35. Rd3 Nf6 36. Nxh3 Rc4 37. a5 Rb4 38. a6 Rxb5 39. axb7 Rxb7 40. g4 Nxg4
41. Rxd5 Rb1+ 0-1

[Event "7. Open Stadium Casablanca"]
[Site "Zaragoza ESP"]
[Date "2013.12.27"]
[Round "2.6"]
[White "Del Rio De Angelis, Salvador G"]
[Black "Nicolas Zapata, Javier"]
[Result "1-0"]
[WhiteElo "2498"]
[BlackElo "2114"]
[PlyCount "65"]
[EventDate "2013.12.26"]
[EventType "swiss"]
[EventRounds "9"]
[EventCountry "ESP"]
[Source "lmi"]
[SourceDate "2013.12.26"]

1. d4 Nf6 2. c4 g6 3. Nc3 Bg7 4. e4 d6 5. Be2 O-O 6. Bg5 h6 7. Be3 e5 8. d5 Na6
9. Qd2 Kh7 10. f3 Nh5 11. Bd3 f5 12. exf5 Bxf5 13. O-O-O Bxd3 14. Qxd3 Nc5 15.
Bxc5 dxc5 16. Ne4 b6 17. g3 Nf6 18. Ne2 a6 19. N2c3 Nxe4 20. Nxe4 b5 21. Rhf1
Rb8 22. a3 Qe8 23. Rd2 b4 24. b3 bxa3 25. Ra2 Qe7 26. Rxa3 Rb6 27. Kc2 Rfb8 28.
h4 Qd7 29. h5 Qh3 30. hxg6+ Rxg6 31. Rxa6 Qxf1 32. Nf6+ Bxf6 33. Qxf1 1-0

[Event "7. Open Stadium Casablanca"]
[Site "Zaragoza ESP"]
[Date "2013.12.27"]
[Round "2.7"]
[White "Lopez Caudevilla, David"]
[Black "Adla, Diego"]
[Result "0-1"]
[WhiteElo "2057"]
[BlackElo "2486"]
[PlyCount "158"]
[EventDate "2013.12.26"]
[EventType "swiss"]
[EventRounds "9"]
[EventCountry "ESP"]
[Source "lmi"]
[SourceDate "2013.12.26"]

1. e4 c5 2. Nc3 d6 3. g3 Nc6 4. Bg2 g6 5. d3 Bg7 6. f4 e6 7. Nf3 Nge7 8. O-O
O-O 9. Be3 b6 10. Qd2 Ba6 11. Rae1 Qd7 12. f5 gxf5 13. Bh6 f6 14. Nh4 f4 15.
Qxf4 Ng6 16. Nxg6 hxg6 17. Bxg7 Kxg7 18. Rf2 Ne5 19. Ref1 Rad8 20. Bh3 Qe7 21.
Bg2 Rf7 22. g4 g5 23. Qg3 Rh8 24. h3 Ng6 25. Ne2 e5 26. Qe3 Bc8 27. Ng3 Nf4 28.
Nf5+ Bxf5 29. exf5 Kf8 30. a4 a5 31. Rf3 Qd7 32. b3 d5 33. Kf2 Kg7 34. Rh1 Qd6
35. Qd2 Rd7 36. Rd1 Rdd8 37. Qe3 d4 38. Qd2 Rh4 39. Rh1 Nd5 40. Rd1 Rdh8 41.
Rg3 Ne3 42. Rxe3 dxe3+ 43. Qxe3 Rd8 44. Rh1 Qd4 45. Qxd4 cxd4 46. Ke2 Kf7 47.
Kd2 Ke7 48. b4 axb4 49. Rb1 Rhh8 50. Rxb4 Rb8 51. Rb5 Rhc8 52. Bf3 Rc5 53. Rb2
Kd6 54. Rb1 Kc7 55. Rb2 Rd8 56. Rb1 Rd6 57. h4 gxh4 58. Rh1 Ra5 59. Rxh4 Rxa4
60. Rh7+ Kd8 61. Rg7 Ra1 62. g5 fxg5 63. Rxg5 Rh6 64. Rg2 Ke7 65. Be4 Kf6 66.
Ke2 Rah1 67. Rg8 R6h2+ 68. Bg2 Rg1 69. Kf2 Rgxg2+ 70. Rxg2 Rxg2+ 71. Kxg2 Kxf5
72. Kf3 b5 73. Kg3 e4 74. dxe4+ Kxe4 75. Kf2 d3 76. Ke1 Ke3 77. Kd1 d2 78. c3
Kd3 79. c4 Kxc4 0-1

[Event "7. Open Stadium Casablanca"]
[Site "Zaragoza ESP"]
[Date "2013.12.27"]
[Round "2.8"]
[White "Cruz, Jonathan"]
[Black "Antonano Fedz-Quincoces, Aveli"]
[Result "1-0"]
[WhiteElo "2468"]
[BlackElo "2071"]
[PlyCount "61"]
[EventDate "2013.12.26"]
[EventType "swiss"]
[EventRounds "9"]
[EventCountry "ESP"]
[Source "lmi"]
[SourceDate "2013.12.26"]

1. c4 f5 2. Nc3 Nf6 3. g3 e6 4. e3 Be7 5. Bg2 O-O 6. Nge2 d6 7. b4 Nc6 8. a3
Ne5 9. d3 c6 10. O-O Nf7 11. b5 Bd7 12. Rb1 Qc8 13. Qb3 a6 14. Na4 Bd8 15. bxc6
Bxc6 16. Bxc6 bxc6 17. c5 Bc7 18. Nb6 Bxb6 19. cxb6 Qd7 20. a4 Nd8 21. a5 Nb7
22. Bd2 Kh8 23. Nd4 Rfe8 24. Qa4 c5 25. Qxd7 Nxd7 26. Nc6 Rac8 27. Na7 Rcd8 28.
d4 Nb8 29. Bc3 c4 30. d5 e5 31. Bb4 1-0

[Event "7. Open Stadium Casablanca"]
[Site "Zaragoza ESP"]
[Date "2013.12.27"]
[Round "2.10"]
[White "Garza Marco, Sergio"]
[Black "Juberias Segura, Santiago"]
[Result "1-0"]
[WhiteElo "2447"]
[BlackElo "2047"]
[PlyCount "185"]
[EventDate "2013.12.26"]
[EventType "swiss"]
[EventRounds "9"]
[EventCountry "ESP"]
[Source "lmi"]
[SourceDate "2013.12.26"]

1. d4 Nf6 2. c4 g6 3. Nc3 Bg7 4. e4 d6 5. f3 O-O 6. Be3 Nbd7 7. Nge2 c5 8. d5
a6 9. a4 Rb8 10. Ng3 Qa5 11. Be2 h5 12. O-O Ne5 13. Ra3 Bd7 14. h3 Qb4 15. Rb3
Bxa4 16. Nxa4 Qxa4 17. Ra3 Qxd1 18. Rxd1 b5 19. b3 bxc4 20. bxc4 Rb2 21. Bf1 h4
22. Nh1 Rc2 23. Rc1 Rxc1 24. Bxc1 Rb8 25. Rc3 Rb1 26. Bf4 a5 27. Rc1 Rxc1 28.
Bxc1 Ned7 29. Kf2 Nb6 30. Ke1 Nfd7 31. f4 Bc3+ 32. Kd1 Bd4 33. Kc2 g5 34. g3
hxg3 35. Nxg3 gxf4 36. Nf5 Kf8 37. Bxf4 Be5 38. Bh6+ Ke8 39. Bd2 e6 40. Nh6 Bg7
41. Ng4 a4 42. Ba5 Ke7 43. Ne3 Bh6 44. Nd1 f5 45. dxe6 Kxe6 46. exf5+ Kxf5 47.
Nc3 Bg7 48. Be2 Kf4 49. h4 Ke3 50. Bd3 Kf4 51. h5 Bxc3 52. Bxc3 Kg5 53. Be2 Kh6
54. Bd2+ Kh7 55. Bd3+ Kh8 56. Ba5 Kg7 57. Be2 Kh6 58. Bd2+ Kh7 59. Kc3 Ne5 60.
Bf4 Nbd7 61. Bd1 Nf6 62. Bc2+ Kh8 63. h6 Ng8 64. Bxa4 Nf7 65. Kd3 Ngxh6 66. Ke4
Ng4 67. Kd5 Nge5 68. Bb5 Kg7 69. Ke6 Kf8 70. Kf6 Ng4+ 71. Kf5 Nge5 72. Ke6 Kg7
73. Be3 Kf8 74. Bf2 Kg7 75. Bh4 Kf8 76. Be7+ Kg8 77. Be8 Nxc4 78. Bxf7+ Kg7 79.
Bf6+ Kf8 80. Bg5 Kg7 81. Bh5 Ne5 82. Bf6+ Kh6 83. Be8 Ng4 84. Be7 c4 85. Bxd6
c3 86. Bf4+ Kg7 87. Ba4 Kf8 88. Kf5 Nf2 89. Bc2 Ke7 90. Be3 Nh1 91. Kf4 Kd6 92.
Be4 Ke6 93. Bxh1 1-0

[Event "7. Open Stadium Casablanca"]
[Site "Zaragoza ESP"]
[Date "2013.12.27"]
[Round "2.11"]
[White "Gines Abad, Pedro"]
[Black "Hoffman, Alejandro"]
[Result "0-1"]
[WhiteElo "2030"]
[BlackElo "2447"]
[PlyCount "92"]
[EventDate "2013.12.26"]
[EventType "swiss"]
[EventRounds "9"]
[EventCountry "ESP"]
[Source "lmi"]
[SourceDate "2013.12.26"]

1. e4 c6 2. d4 g6 3. c4 Bg7 4. Nc3 d6 5. f4 e5 6. dxe5 dxe5 7. Qxd8+ Kxd8 8.
Nf3 Nd7 9. fxe5 Nxe5 10. Bg5+ Ke8 11. Bf4 f6 12. Nxe5 fxe5 13. Bg3 Nh6 14. h3
Nf7 15. Be2 Be6 16. Rd1 Bf8 17. O-O Bc5+ 18. Bf2 Bxf2+ 19. Rxf2 Ke7 20. Bf1
Rad8 21. Rfd2 Rxd2 22. Rxd2 Rf8 23. c5 h5 24. h4 b6 25. cxb6 axb6 26. a3 Nd6
27. Rf2 Rd8 28. Rd2 b5 29. g3 Rf8 30. Rf2 Rb8 31. Bd3 Rd8 32. Kf1 Nb7 33. Ke2
Nc5 34. Bc2 Bb3 35. Ke3 Bxc2 36. Rxc2 Rd3+ 37. Kf2 Kd6 38. Kg2 Nb3 39. Rf2 Nd4
40. Rf6+ Kc5 41. b4+ Kc4 42. Nxb5 cxb5 43. Rxg6 Rd2+ 44. Kf1 Kd3 45. g4 Ke3 46.
gxh5 Nf3 0-1

[Event "7. Open Stadium Casablanca"]
[Site "Zaragoza ESP"]
[Date "2013.12.27"]
[Round "2.12"]
[White "Glavina, Pablo"]
[Black "Manelidou, Maria"]
[Result "1/2-1/2"]
[WhiteElo "2444"]
[BlackElo "2030"]
[PlyCount "100"]
[EventDate "2013.12.26"]
[EventType "swiss"]
[EventRounds "9"]
[EventCountry "ESP"]
[Source "lmi"]
[SourceDate "2013.12.26"]

1. e4 e5 2. Nf3 Nc6 3. Bc4 Bc5 4. c3 Nf6 5. d4 exd4 6. O-O d5 7. exd5 Nxd5 8.
cxd4 Be7 9. Qb3 Be6 10. Nc3 Na5 11. Qa4+ Nc6 12. Bb5 O-O 13. Bxc6 Nb6 14. Qc2
bxc6 15. Rd1 Bf6 16. Bf4 Bg4 17. Qe4 Qd7 18. Be5 Rfe8 19. h3 Bf5 20. Qf4 Bd8
21. Qg3 f6 22. Bf4 Nd5 23. Nxd5 Qxd5 24. b3 Be7 25. Bxc7 Ba3 26. Re1 Bb2 27.
Rxe8+ Rxe8 28. Rd1 c5 29. Qd6 Qxd6 30. Bxd6 cxd4 31. Nxd4 Bxd4 32. Rxd4 Re1+
33. Kh2 Re2 34. Ra4 Rxf2 35. Kg1 Rd2 36. Bf4 Rb2 37. b4 Be4 38. g3 Bc6 39. Rxa7
Rxb4 40. Kf2 Ra4 41. Rxa4 Bxa4 42. Ke3 Kf7 43. Bd6 Bc6 44. Kd4 Bg2 45. h4 Ke6
46. Bf8 g6 47. a4 Kf5 48. a5 Kg4 49. Bd6 g5 50. hxg5 fxg5 1/2-1/2

[Event "7. Open Stadium Casablanca"]
[Site "Zaragoza ESP"]
[Date "2013.12.27"]
[Round "2.13"]
[White "Sierra Aguerri, Joaquin"]
[Black "Firat, Burak"]
[Result "0-1"]
[WhiteElo "2023"]
[BlackElo "2433"]
[PlyCount "72"]
[EventDate "2013.12.26"]
[EventType "swiss"]
[EventRounds "9"]
[EventCountry "ESP"]
[Source "lmi"]
[SourceDate "2013.12.26"]

1. e4 c5 2. Nc3 a6 3. f4 b5 4. Nf3 Bb7 5. d3 e6 6. g3 d5 7. Bg2 Nf6 8. O-O b4
9. Ne2 dxe4 10. Ng5 c4 11. Be3 Nd5 12. Bd4 cxd3 13. cxd3 e3 14. Rc1 Nc6 15. Qa4
Qd7 16. f5 e5 17. Bc5 Bxc5 18. Rxc5 Nde7 19. f6 gxf6 20. Ne4 O-O-O 21. Rxf6
Qxd3 22. Bf3 Kb8 23. Nc1 Qd4 24. Kg2 Qxb2+ 25. Rc2 Qa3 26. Qxa3 bxa3 27. Nd6
Nd4 28. Nxb7 Nxc2 29. Nxd8 Rxd8 30. Rxf7 Ne1+ 31. Kf1 Nxf3 32. Rxe7 Rd2 33. Ne2
Nxh2+ 34. Ke1 Rxa2 35. Nc3 Nf3+ 36. Kd1 e2+ 0-1

[Event "7. Open Stadium Casablanca"]
[Site "Zaragoza ESP"]
[Date "2013.12.27"]
[Round "2.15"]
[White "Antoli Royo, Joaquin Miguel"]
[Black "Pes Mateo, Angel"]
[Result "0-1"]
[WhiteElo "2405"]
[BlackElo "2008"]
[PlyCount "90"]
[EventDate "2013.12.26"]
[EventType "swiss"]
[EventRounds "9"]
[EventCountry "ESP"]
[Source "lmi"]
[SourceDate "2013.12.26"]

1. e4 c6 2. c4 e5 3. Nf3 d6 4. d4 Nd7 5. Nc3 Ngf6 6. g3 Be7 7. Bg2 Qc7 8. O-O
O-O 9. b3 Re8 10. Bb2 Nf8 11. h3 Ng6 12. Rc1 Bd7 13. b4 Rad8 14. Qb3 Qc8 15.
Kh2 Qb8 16. d5 cxd5 17. exd5 Rc8 18. Nd2 Rf8 19. Rfd1 Ne8 20. Ba3 Kh8 21. c5 f5
22. Nc4 Rf6 23. c6 bxc6 24. dxc6 Bxc6 25. Bxc6 Rxc6 26. Na5 Rc8 27. Nd5 Rf8 28.
Nxe7 Nxe7 29. Qe6 Rc7 30. Rxc7 Qxc7 31. Rc1 Qb6 32. Kg1 Ng8 33. Nc4 Qd8 34. Rd1
Rf6 35. Qd5 Ne7 36. Qb7 Ng6 37. Qxa7 f4 38. Nb6 fxg3 39. fxg3 Rf3 40. Kg2 e4
41. Bc1 Nh4+ 42. Kh2 Qf6 43. Qa8 Rf2+ 44. Kg1 Rg2+ 45. Kh1 Rh2+ 0-1